عرض عادي
عرض مارك
- Xie, M.
مدخل إسم شخص
001 - رقم الضبط
- حقل الضبط: 38115
003 - معرف رقم الضبط
- حقل الضبط: OSt
005 - تاريخ ووقت أخر عملية
- حقل الضبط: 20131022102309.0
008 - عناصر بيانات ثابتة الطول
- حقل تحكم ثابت الطول: 131022|||a|||||| | ||| d
040 ## - مصدر الفهرسة
- هيئة الفهرسة الأصلية: OSt
- وكالة الكتابة: OSt
100 ## - مدخل -- أسم شخص
- إسم شخص: Xie, M.
- الشكل الكامل للاسم: (Min)
670 ## - بيانات المصدر موجوده
- الاستشهاد بالمصدر: Work cat.: (OSt)0: Xie, M. (Min), Fundamentals of robotics :, 2003.
